| 000 | 00444nam a2200181Ia 4500 | ||
|---|---|---|---|
| 001 | 46124 | ||
| 008 | 140429s9999 xx 000 0 und d | ||
| 020 | _a0471983020 | ||
| 040 | _cPK-LaUMT | ||
| 082 |
_a 153.1221 _bPAR-M |
||
| 100 | _aParkin, Alan J. | ||
| 245 |
_aMemory _ba guide for professionals _cParkin, Alan J. |
||
| 260 |
_aChichester,UK: _bJohn Wiley, _c1999 |
||
| 300 | _a160 p. | ||
| 546 | _aEN | ||
| 650 | _aMemory | ||
| 942 | _cBK | ||
| 999 |
_c44077 _d44077 |
||